000 00382nam a22001457a 4500
020 _a81-219-0883-3
082 _a363.7
_bDAR/T
100 _aDARA, S.S
245 _aA TREXTBOOK OF ENVIRONMENTAL CHEMISTRY AND POLLUTION CONTROL
250 _aFIFTH REVISED EDITION
260 _aDELHI
_bS.CHAND & COMPANY
_c2002
300 _a338
650 _aCHEMISTRY REFERENCE
_zINDIA
942 _cBK
999 _c1401
_d1401